书目信息 |
| 题名: |
房屋建筑学
|
|
| 作者: | 舒秋华 主编 | |
| 分册: | ||
| 出版信息: | 武汉 武汉理工大学出版社 2018.05 |
|
| 页数: | 378页, [3] 页图版 | |
| 开本: | 26cm | |
| 丛书名: | 高等院校土建类专业新编系列教材 | |
| 单 册: | ||
| 中图分类: | TU22 | |
| 科图分类: | ||
| 主题词: | 房屋建筑学--fang wu jian zhu xue--教材 | |
| 电子资源: | ||
| ISBN: | 978-7-5629-5769-0 | |
| 000 | 01085nam 2200277 450 | |
| 001 | 012018000367 | |
| 005 | 20210622153545.47 | |
| 010 | @a978-7-5629-5769-0@dCNY55.00 | |
| 100 | @a20180804d2018 em y0chiy50 ea | |
| 101 | 0 | @achi |
| 102 | @aCN@b420000 | |
| 105 | @aafk a 000yy | |
| 200 | 1 | @a房屋建筑学@Afang wu jian zhu xue@f主编舒秋华@Fzhu bian shu qiu hua |
| 205 | @a第6版 | |
| 210 | @a武汉@c武汉理工大学出版社@d2018.05 | |
| 215 | @a378页, [3] 页图版@c图@d26cm | |
| 225 | 2 | @a高等院校土建类专业新编系列教材@Agao deng yuan xiao tu jian lei zhuan ye xin bian xi lie jiao cai@v7 |
| 300 | @a普通高等教育“十一五”国家级规划教材 | |
| 320 | @a有书目 (第378页) | |
| 330 | @a本书内容有: 导论、建筑结构体系、基础和地下室、墙体、外墙门窗、屋顶、楼地层、建筑设计概述、民用建筑设计原理、装配式建筑、工业建筑设计原理等。 | |
| 410 | 0 | @12001 @a高等院校土建类专业新编系列教材@v7 |
| 606 | 0 | @a房屋建筑学@Afang wu jian zhu xue@j教材 |
| 690 | @aTU22@v5 | |
| 701 | 0 | @a舒秋华@Ashu qiu hua@4主编 |
| 801 | 0 | @aCN@c20180911 |
| 905 | @a河南城建学院图书馆@b21392574-75@dTU22@eS640=6@f2 | |
| 房屋建筑学/主编舒秋华.-第6版.-武汉:武汉理工大学出版社,2018.05 |
| 378页, [3] 页图版:图;26cm.-(高等院校土建类专业新编系列教材;7) |
| 普通高等教育“十一五”国家级规划教材 |
| ISBN 978-7-5629-5769-0:CNY55.00 |
| 本书内容有: 导论、建筑结构体系、基础和地下室、墙体、外墙门窗、屋顶、楼地层、建筑设计概述、民用建筑设计原理、装配式建筑、工业建筑设计原理等。 |
| ● |
| 相关链接 |
|
|
|
正题名:房屋建筑学
索取号:TU22/S640=6
 
预约/预借
| 序号 | 登录号 | 条形码 | 馆藏地/架位号 | 状态 | 备注 |
| 1 | 1392574 | 213925742 | 建筑库101/101建筑库 46排1列1层/ [索取号:TU22/S640=6] | 在馆 | |
| 2 | 1392575 | 213925751 | 建筑库101/101建筑库 46排1列1层/ [索取号:TU22/S640=6] | 在馆 | |
| 3 | 1506911 | 215069119 | 建筑库101/101建筑库 46排1列1层/ [索取号:TU22/S640=6] | 在馆 |